[Event "ZICOSUR 2016"]
[Site "?"]
[Date "2016.01.09"]
[Round "8.60"]
[White "SANCHEZ, Benjamin"]
[Black "CONTRERAS, Monica"]
[Result "1/2-1/2"]
[WhiteElo "1350"]
[BlackElo "1618"]
[PlyCount "77"]
[EventDate "2016.??.??"]

1. e4 e6 2. d3 d5 3. Nd2 c5 4. Ngf3 Nc6 5. g3 Nf6 6. Bg2 b6 7. O-O Bb7 8. Re1
Qc7 9. e5 Nd7 10. Qe2 O-O-O 11. c3 h6 12. a3 g5 13. b4 Bg7 14. d4 c4 15. Bb2
Rde8 16. h4 gxh4 17. Nxh4 Reg8 18. Bh3 Kb8 19. Ndf3 Bc8 20. Bc1 Bf8 21. Bf4 Ne7
22. b5 Ng6 23. Nxg6 Rxg6 24. a4 Qd8 25. Kh2 Be7 26. Reb1 Nf8 27. Qa2 Nh7 28. a5
Ng5 29. axb6 Nxf3+ 30. Kh1 Qxb6 31. Qa5 Bd8 32. Qb4 Ng5 33. Bg4 h5 34. Be2 Bb7
35. Rb2 Qc7 36. Bf1 Qd7 37. Rba2 Bb6 38. Rxa7 Ne4 39. Kg2 1/2-1/2

[Event "?"]
[Site "?"]
[Date "2016.01.09"]
[Round "8.31"]
[White "MONTERO, Cristhian"]
[Black "MELENDES, Fernando"]
[Result "0-1"]
[WhiteElo "1830"]
[BlackElo "2162"]
[PlyCount "120"]
[EventDate "2016.??.??"]

1. Nf3 d5 2. g3 Bg4 3. Bg2 Nd7 4. d4 e6 5. c4 c6 6. cxd5 exd5 7. Nc3 Ngf6 8.
Bf4 Nh5 9. Bd2 Nhf6 10. Bf4 h6 11. h3 Bf5 12. Rc1 g5 13. Be5 Bg7 14. g4 Bh7 15.
Bh2 Ne4 16. Qb3 Qb6 17. Nxe4 Bxe4 18. Qxb6 axb6 19. a3 Bxf3 20. exf3 Bxd4 21.
Rc2 O-O 22. O-O Rfe8 23. f4 b5 24. Rd1 Bf6 25. fxg5 hxg5 26. f4 Nb6 27. fxg5
Bxg5 28. Rf1 Nc4 29. Rf5 f6 30. Bf4 Ne3 31. Bxe3 Rxe3 32. Kf2 Rae8 33. Bf3 Kg7
34. Kg3 R8e5 35. Rxe5 fxe5 36. h4 Bxh4+ 37. Kxh4 Rxf3 38. g5 Kg6 39. Re2 e4 40.
Kg4 Rf5 41. Rh2 Rxg5+ 42. Kf4 Rf5+ 43. Ke3 c5 44. Rh8 Rf3+ 45. Ke2 Rb3 46. Rd8
d4 47. Rd6+ Kf5 48. Rd5+ Kf4 49. Rxc5 Rxb2+ 50. Kd1 d3 51. a4 bxa4 52. Kc1 a3
53. Ra5 Rb3 54. Kd2 e3+ 55. Kc1 d2+ 56. Kc2 Rb2+ 57. Kc3 d1=Q 58. Ra8 Rb3+ 59.
Kc4 Qd3+ 60. Kc5 Rb5# 0-1

[Event "?"]
[Site "?"]
[Date "2016.01.09"]
[Round "8.54"]
[White "ZEGARRA, Alexis"]
[Black "GARMENDIA, Sofia"]
[Result "1-0"]
[WhiteElo "1618"]
[BlackElo "1335"]
[PlyCount "91"]
[EventDate "2016.??.??"]

1. e4 c5 2. Nf3 d6 3. d4 cxd4 4. Nxd4 Nf6 5. Nc3 g6 6. Be3 Bg7 7. f3 O-O 8. Qd2
Nc6 9. Nxc6 bxc6 10. Bh6 Bd7 11. Bxg7 Kxg7 12. Bc4 Rb8 13. Bb3 a5 14. O-O Qb6+
15. Kh1 Bc8 16. Na4 Qb5 17. c4 Qb4 18. Qc3 Qxc3 19. Nxc3 Ba6 20. Rfe1 e5 21.
Na4 Rb4 22. c5 dxc5 23. Nxc5 Bc4 24. Bxc4 Rxc4 25. Rac1 Rxc1 26. Rxc1 Rd8 27.
Kg1 Rd2 28. Na4 Nh5 29. g3 Rd4 30. b3 Rd2 31. Nc3 f5 32. exf5 gxf5 33. Rd1
Rxd1+ 34. Nxd1 Kf6 35. Nb2 Ke6 36. Nc4 Kd5 37. Nxa5 Kc5 38. Kf2 Nf6 39. Nc4 Kb4
40. Nxe5 Ng8 41. Nxc6+ Kb5 42. Nd4+ Kb4 43. Nxf5 Nf6 44. g4 Nd5 45. Ne3 Nc3 46.
Nc2+ 1-0

[Event "ZICOSUR 2016"]
[Site "?"]
[Date "2016.01.09"]
[Round "8.41"]
[White "BARRERA, Victor Hugo"]
[Black "BELMONTE, Adriel"]
[Result "0-1"]
[WhiteElo "1785"]
[BlackElo "1942"]
[PlyCount "108"]
[EventDate "2016.??.??"]

1. d4 Nf6 2. g3 e6 3. Bg2 d5 4. Nf3 Nbd7 5. Nc3 b6 6. O-O Bb7 7. h3 Be7 8. Re1
O-O 9. Ne5 Ne4 10. Nxe4 dxe4 11. Nxd7 Qxd7 12. c3 f5 13. Qb3 Bd6 14. c4 Bc6 15.
a4 Qf7 16. e3 Qh5 17. Bd2 a5 18. Qc2 Rf6 19. c5 bxc5 20. dxc5 Be7 21. Bc3 Rh6
22. Be5 g5 23. Qc3 Ra7 24. Reb1 g4 25. h4 Qe8 26. b3 Kf7 27. Ra2 Rg6 28. Bf1
Rg8 29. Bd4 Ra8 30. Be5 Qb8 31. Rc1 h5 32. Rb1 Qa7 33. Bd4 Rgb8 34. Bc4 Qb7 35.
Rc1 Qb4 36. Qxb4 Rxb4 37. Be5 Rb7 38. Bd4 Bd5 39. c6 Rb4 40. Bxd5 exd5 41. Bc5
Rxb3 42. Kf1 Bf6 43. Ke2 Ke6 44. Rcc2 Ra6 45. Ra3 Rb1 46. Bd4 Be7 47. Raa2 Bb4
48. Bc3 Kd6 49. Kd2 Rxc6 50. Bxb4+ Rxb4 51. Rc3 Rxc3 52. Kxc3 c5 53. Rb2 Rxb2
54. Kxb2 d4 0-1

[Event "Zicosur 2016"]
[Site "?"]
[Date "2016.01.09"]
[Round "8.47"]
[White "SANDOVAL, Sebastian"]
[Black "OROSTICA, Pablo"]
[Result "0-1"]
[WhiteElo "1623"]
[BlackElo "1811"]
[PlyCount "94"]
[EventDate "2016.??.??"]

1. e4 c5 2. Nf3 d6 3. d4 cxd4 4. Nxd4 Nc6 5. Nc3 e5 6. Nb3 Be6 7. Be2 a6 8. O-O
Be7 9. Kh1 Nf6 10. Bg5 O-O 11. Bxf6 Bxf6 12. Nd5 Bxd5 13. exd5 Nd4 14. Nxd4
exd4 15. Bg4 g6 16. a3 Re8 17. Qd3 Qe7 18. Qb3 Bg7 19. Rad1 f5 20. Bf3 Rac8 21.
g3 Qc7 22. Rd2 b5 23. a4 Qc4 24. Qxc4 bxc4 25. b3 cxb3 26. cxb3 Rc3 27. Be2 a5
28. Bc4 g5 29. Kg2 h5 30. h3 Kf7 31. Rfd1 h4 32. gxh4 gxh4 33. Rd3 Bf6 34. Kf3
Be5 35. Bb5 Rec8 36. Bc4 Rg8 37. Rxc3 dxc3 38. Ke3 Rg2 39. Kf3 Rh2 40. Bf1 Rh1
41. Kg2 Rxf1 42. Kxf1 Bf4 43. b4 c2 44. Ke2 cxd1=Q+ 45. Kxd1 axb4 46. a5 Be5
47. a6 Bd4 0-1

[Event "ZICOSUR 2016"]
[Site "?"]
[Date "2016.01.09"]
[Round "8.49"]
[White "PINILLA, Sofia"]
[Black "TORRES, Pablo"]
[Result "1-0"]
[WhiteElo "1771"]
[BlackElo "1802"]
[PlyCount "93"]
[EventDate "2016.??.??"]

1. e4 c5 2. Nc3 Nc6 3. g3 g6 4. Bg2 Bg7 5. Nge2 d6 6. O-O f5 7. d3 Nf6 8. h3
O-O 9. Be3 Rb8 10. Qd2 Bd7 11. Bh6 Qc8 12. Bxg7 Kxg7 13. Kh2 b5 14. Rae1 Ne5
15. f4 Nc6 16. exf5 Bxf5 17. g4 Bd7 18. Ng3 e6 19. Nce4 Qc7 20. Nxf6 Rxf6 21.
Ne4 Rff8 22. g5 Nd4 23. Nf6 h6 24. Kg1 Rf7 25. c3 Nf5 26. Qf2 d5 27. Re2 h5 28.
Rfe1 Rb6 29. Rxe6 Rxe6 30. Rxe6 Bxe6 31. Ne8+ Kf8 32. Nxc7 Rxc7 33. Qe1 Re7 34.
Qe5 d4 35. Qf6+ Ke8 36. Qxg6+ Kd7 37. Be4 Nd6 38. Qxh5 Nxe4 39. dxe4 d3 40. Qd1
c4 41. f5 Bg8 42. f6 Rxe4 43. g6 Be6 44. f7 Ke7 45. Qh5 Re1+ 46. Kf2 d2 47.
Qg5+ 1-0

[Event "Zicosur 2016"]
[Site "?"]
[Date "2016.01.09"]
[Round "8.21"]
[White "GÓMEZ CÁCERES, Jafet"]
[Black "GARCÍA TOLEDO, Pedro"]
[Result "1/2-1/2"]
[WhiteElo "2088"]
[BlackElo "2234"]
[PlyCount "81"]
[EventDate "2016.??.??"]

1. d4 d5 2. c4 e6 3. Nf3 Nf6 4. g3 Be7 5. Bg2 O-O 6. O-O Nbd7 7. Nbd2 c6 8. b3
b5 9. Qc2 Ba6 10. c5 b4 11. Re1 e5 12. Nxe5 Nxe5 13. dxe5 Nd7 14. a3 Nxe5 15.
axb4 Bb5 16. Nf3 Bf6 17. Bb2 Nxf3+ 18. Bxf3 Re8 19. e3 Bxb2 20. Qxb2 a5 21.
bxa5 Rxa5 22. b4 Ra8 23. Rxa8 Qxa8 24. Ra1 Qb7 25. Ra5 h6 26. Bg2 Bc4 27. Bf1
Rb8 28. Bxc4 dxc4 29. Ra1 Qxb4 30. Qd4 c3 31. Rc1 Qxd4 32. exd4 Rd8 33. Rxc3
Rxd4 34. Kg2 Kf8 35. Kf3 Ke7 36. Ra3 Rd5 37. Ra5 Ke6 38. Ke4 f5+ 39. Ke3 g5 40.
f4 g4 41. Ra8 1/2-1/2

[Event "Zicosur 2016"]
[Site "?"]
[Date "2016.01.09"]
[Round "8.23"]
[White "MESIAS, Rabindranath"]
[Black "CHAVEZ, Bastian"]
[Result "1-0"]
[WhiteElo "2214"]
[BlackElo "2108"]
[PlyCount "135"]
[EventDate "2016.??.??"]

1. e4 e5 2. Nf3 Nc6 3. d4 exd4 4. Bc4 Nf6 5. e5 Ne4 6. O-O d5 7. exd6 Nxd6 8.
Bd5 Nf5 9. Bxc6+ bxc6 10. Re1+ Be7 11. g4 Nd6 12. Nxd4 Qd7 13. Bg5 f6 14. Bf4
O-O 15. Nc3 Nc4 16. Nf5 Bb4 17. Qf3 Ne5 18. Bxe5 fxe5 19. a3 Bd6 20. Ne4 g6 21.
Qb3+ Kh8 22. Ne3 Qe7 23. Rad1 Be6 24. Qc3 Qh4 25. Ng3 Rxf2 26. Ng2 Rxg2+ 27.
Kxg2 Bd5+ 28. Rxd5 cxd5 29. Rxe5 Kg8 30. Qc6 Rf8 31. Qxd5+ Kg7 32. Re4 Qf6 33.
Qd4 Qxd4 34. Rxd4 Rb8 35. b3 Rf8 36. h3 Bxa3 37. Rd7+ Rf7 38. Rxf7+ Kxf7 39.
Kf3 Ke6 40. Ne4 Ke5 41. Ng5 h6 42. Nf7+ Kf6 43. Nxh6 Bc1 44. g5+ Bxg5 45. Ng4+
Kf5 46. Nf2 Bf6 47. Nd3 Bd4 48. Nb4 a5 49. Nc6 Bb6 50. Ne7+ Kf6 51. Nd5+ Ke5
52. c4 Kf5 53. h4 Ke5 54. Kg4 Kd4 55. Kg5 a4 56. bxa4 Ba5 57. Kxg6 Kxc4 58. Nf6
Kb3 59. h5 c5 60. h6 c4 61. h7 c3 62. h8=Q c2 63. Qb8+ Ka2 64. Qc8 Kb2 65. Qb7+
Ka1 66. Qc6 Kb2 67. Qb5+ Ka2 68. Qxa5 1-0

[Event "ZICOSUR 2016"]
[Site "?"]
[Date "2016.01.09"]
[Round "8.28"]
[White "ESTRADA, Cristian"]
[Black "SOZA, Jose"]
[Result "1/2-1/2"]
[WhiteElo "1996"]
[BlackElo "2252"]
[PlyCount "40"]
[EventDate "2016.??.??"]

1. d4 Nf6 2. c4 e6 3. Nf3 b6 4. g3 Bb7 5. Bg2 Be7 6. O-O O-O 7. Nc3 Ne4 8. Nxe4
Bxe4 9. Nh4 Bxg2 10. Nxg2 d5 11. Qa4 Bf6 12. Be3 c5 13. cxd5 cxd4 14. Bxd4 e5
15. Bc3 Qxd5 16. Ne3 Qe6 17. Rfd1 Nc6 18. Nd5 Rac8 19. Nxf6+ Qxf6 20. Rac1 Qe6
1/2-1/2

[Event "zicosur 2016"]
[Site "?"]
[Date "2016.01.09"]
[Round "8.52"]
[White "MAMANI, Julio"]
[Black "BALLARDES, Luis"]
[Result "1-0"]
[WhiteElo "1362"]
[BlackElo "1678"]
[PlyCount "99"]
[EventDate "2016.??.??"]

1. d4 d5 2. e3 Nf6 3. Be2 Nbd7 4. Nf3 e6 5. Nc3 c6 6. Bd2 Bd6 7. O-O Qe7 8. Bd3
e5 9. e4 O-O 10. Re1 exd4 11. exd5 Qd8 12. Nxd4 Qc7 13. h3 Ne5 14. Bg5 Nxd3 15.
Qxd3 Nxd5 16. Nxd5 cxd5 17. Nb5 Qb6 18. Nxd6 Qxd6 19. Be7 Qc6 20. Bxf8 Kxf8 21.
Qxh7 Qh6 22. Qxh6 gxh6 23. Re5 Be6 24. f4 Ke7 25. f5 Kf6 26. Rae1 Bxf5 27. Rxd5
Bxc2 28. Rd7 Bf5 29. Rxb7 Be6 30. a4 Bd5 31. Rd7 Be6 32. Rc7 a5 33. Rb7 Rg8 34.
Re3 Bd5 35. Rb6+ Kf5 36. Rb5 Kf4 37. Re2 Bc4 38. Rf2+ Ke3 39. Re5+ Kd4 40. Rxa5
Re8 41. Rh5 Re6 42. b4 Kc3 43. b5 Kb4 44. Rf4 Re1+ 45. Kh2 Ka5 46. Rxc4 Ra1 47.
Rxh6 f6 48. Rh7 f5 49. Rc6 Ra2 50. Rc3 1-0

[Event "Zicosur 2016"]
[Site "?"]
[Date "2016.01.09"]
[Round "8.42"]
[White "JORQUERA CASTILLO, Gabriel"]
[Black "MASAFIERRO, GIno"]
[Result "1-0"]
[WhiteElo "1919"]
[BlackElo "1695"]
[PlyCount "35"]
[EventDate "2016.??.??"]

1. e4 d5 2. exd5 Qxd5 3. Nc3 Qa5 4. d4 c6 5. Bc4 Bf5 6. Nf3 Bg4 7. h3 Bxf3 8.
Qxf3 Nf6 9. Bd2 Qc7 10. O-O-O Nbd7 11. Bf4 Qd8 12. d5 Qc8 13. Rhe1 Nb6 14. dxc6
bxc6 15. Ba6 Qxa6 16. Qxc6+ Nfd7 17. Rxd7 Qc4 18. Rdxe7+ 1-0

[Event "Zicosur 2016"]
[Site "?"]
[Date "2016.01.09"]
[Round "8.26"]
[White "DOBUCHAK, Thiago"]
[Black "HURTADO, Rodrigo"]
[Result "1/2-1/2"]
[WhiteElo "2059"]
[BlackElo "2133"]
[PlyCount "43"]
[EventDate "2016.??.??"]

1. e4 c5 2. Nf3 Nc6 3. Bb5 g6 4. Bxc6 bxc6 5. O-O Bg7 6. Re1 Nf6 7. e5 Nd5 8.
c4 Nc7 9. b3 Ne6 10. Bb2 O-O 11. Nc3 d6 12. Ne4 f6 13. exf6 exf6 14. d4 f5 15.
Ng3 Qf6 16. Ne2 Ng5 17. Nf4 Nxf3+ 18. Qxf3 Bd7 19. Ne2 Qh4 20. Rad1 Rae8 21. g3
Qe4 22. Qxe4 1/2-1/2

[Event "ZICOSUR 2016"]
[Site "?"]
[Date "2016.01.09"]
[Round "8.30"]
[White "SUAREZ, Luis"]
[Black "PUEBLA, Claudio"]
[Result "1/2-1/2"]
[WhiteElo "1992"]
[BlackElo "2216"]
[PlyCount "40"]
[EventDate "2016.??.??"]

1. d4 Nf6 2. c4 e6 3. Nf3 b6 4. g3 Ba6 5. b3 b5 6. cxb5 Bxb5 7. Nc3 Ba6 8. Bg2
d5 9. O-O Bb4 10. Bb2 O-O 11. Ne5 c6 12. Rc1 Nfd7 13. Nd3 Bxd3 14. Qxd3 Bxc3
15. Bxc3 Qb6 16. Bb2 a5 17. Ba3 Rc8 18. Rc3 Na6 19. Rfc1 Nb4 20. Qd2 Rc7
1/2-1/2

[Event "ZICOSUR 2016"]
[Site "?"]
[Date "2016.01.09"]
[Round "8.20"]
[White "DONOSO DIAZ, Sebastian"]
[Black "CERDA ALBORNOZ, Guillermo"]
[Result "0-1"]
[WhiteElo "2109"]
[BlackElo "2240"]
[PlyCount "78"]
[EventDate "2016.??.??"]

1. e4 e5 2. Nf3 Nc6 3. Bc4 Nf6 4. d3 Bc5 5. Nc3 a6 6. Nd5 h6 7. c3 d6 8. b4 Ba7
9. Ne3 Ne7 10. O-O c6 11. Bb3 Ng6 12. Qc2 Nh5 13. d4 Qf6 14. Bb2 Nhf4 15. Nf5
Bb8 16. c4 O-O 17. c5 Bxf5 18. exf5 Nh4 19. Nxh4 Qxh4 20. Kh1 exd4 21. g3 Qh3
22. Qe4 d5 23. Qf3 Be5 24. Rfe1 f6 25. Bd1 d3 26. Bxe5 fxe5 27. gxf4 Qxf3+ 28.
Bxf3 e4 29. Bg4 g6 30. fxg6 Rxf4 31. Be6+ Kg7 32. Kg2 Kxg6 33. Rad1 Kf6 34. Bd7
Rg8+ 35. Kf1 d4 36. Be6 Kxe6 37. Rxd3 Kd5 38. Rh3 Rgf8 39. Rh5+ Kc4 0-1

[Event "zicosur 2016"]
[Site "?"]
[Date "2016.01.09"]
[Round "8.27"]
[White "BARRIA, Armin"]
[Black "GUTIERREZ, Sebastian"]
[Result "0-1"]
[WhiteElo "2045"]
[BlackElo "2110"]
[PlyCount "116"]
[EventDate "2016.??.??"]

1. d4 Nf6 2. c4 g6 3. Nc3 Bg7 4. e4 d6 5. f3 O-O 6. Be3 c5 7. dxc5 dxc5 8. Qxd8
Rxd8 9. Bxc5 Nc6 10. Rd1 Be6 11. Rxd8+ Rxd8 12. Nd5 Nd7 13. Nxe7+ Nxe7 14. Bxe7
Rc8 15. Ba3 b5 16. c5 Nxc5 17. Bxb5 Bxa2 18. Nh3 Nd3+ 19. Kd2 Nxb2 20. Rc1 Rxc1
21. Kxc1 Nc4 22. Bc5 a5 23. Kc2 Bf8 24. Bxf8 Kxf8 25. Kd3 Nd6 26. Ba4 Bc4+ 27.
Ke3 Bf1 28. Nf4 g5 29. Ne2 Bxg2 30. Nd4 Nc4+ 31. Kf2 Bh3 32. Bb5 Nb6 33. Ke3
Bd7 34. Bxd7 Nxd7 35. Nc6 a4 36. Kd4 Kg7 37. Kc4 Kh6 38. Kb4 Kh5 39. Kxa4 Kh4
40. Kb4 Kh3 41. Kc4 Kxh2 42. Kd5 Kg3 43. Kd6 h5 44. Kxd7 h4 45. Ne5 h3 46. Nxf7
h2 47. e5 h1=Q 48. e6 Qxf3 49. Nd6 Qg4 50. Nf7 Qa4+ 51. Kd8 Kf4 52. e7 g4 53.
Nd6 g3 54. Nc4 g2 55. Nb2 Qd4+ 56. Kc7 Qe5+ 57. Kd7 Qd5+ 58. Kc7 g1=Q 0-1

[Event "zicosur 2016"]
[Site "?"]
[Date "2016.01.09"]
[Round "8.14"]
[White "VALENZUELA, Luis"]
[Black "GARMENDIA, Gabriel"]
[Result "1-0"]
[WhiteElo "2458"]
[BlackElo "2055"]
[PlyCount "107"]
[EventDate "2016.??.??"]

1. d4 Nf6 2. Nf3 e6 3. c4 Bb4+ 4. Nbd2 b6 5. a3 Bxd2+ 6. Qxd2 Bb7 7. e3 O-O 8.
Be2 Ne4 9. Qc2 f5 10. O-O d6 11. b4 Nd7 12. d5 e5 13. Nd2 c6 14. Nxe4 fxe4 15.
Qxe4 cxd5 16. cxd5 Nf6 17. Qd3 Bxd5 18. Bb2 Qe7 19. Qd2 Rac8 20. Rac1 Bb7 21.
f3 d5 22. Bd3 e4 23. Be2 exf3 24. gxf3 Rfe8 25. Bd4 Nh5 26. Bd3 Qh4 27. Qf2 Qe7
28. Kh1 g6 29. Qg2 Rxc1 30. Rxc1 Rc8 31. Rg1 Rc6 32. b5 Rd6 33. f4 Nf6 34. Qg5
Kf7 35. f5 Ne4 36. Qf4 g5 37. Qf3 Rh6 38. Bxe4 dxe4 39. Qg3 Rd6 40. Qxg5 Qxg5
41. Rxg5 Kf8 42. Kg2 Bd5 43. Rg7 Bc4 44. Rxh7 Bxb5 45. Rxa7 Rc6 46. Kg3 Be2 47.
Kf4 Bf3 48. Kg5 Rd6 49. Ra6 Rc6 50. h4 Rc2 51. Rxb6 Rg2+ 52. Kf6 Bh5 53. Rb8+
Be8 54. Bc5+ 1-0

[Event "ZICOSUR 2016"]
[Site "?"]
[Date "2016.01.09"]
[Round "8.34"]
[White "MARIN, Roque"]
[Black "BULGARINI, Marco"]
[Result "1-0"]
[WhiteElo "2083"]
[BlackElo "1989"]
[PlyCount "113"]
[EventDate "2016.??.??"]

1. d4 Nf6 2. c4 e6 3. Nc3 c5 4. d5 exd5 5. cxd5 d6 6. e4 g6 7. h3 Bg7 8. Nf3
O-O 9. Bd3 a6 10. a4 Nbd7 11. Bf4 Qe7 12. O-O Re8 13. a5 Nh5 14. Bh2 Qf8 15.
Re1 Ne5 16. Be2 Nxf3+ 17. Bxf3 Nf6 18. e5 dxe5 19. Rxe5 Bd7 20. Qb3 Rec8 21.
Qc4 Ne8 22. d6 Nxd6 23. Qd3 c4 24. Qd4 Bc6 25. Bxc6 Rxc6 26. Rae1 h6 27. h4 Nf5
28. Qd1 Bxe5 29. Bxe5 Re8 30. Nd5 Rxe5 31. Rxe5 Qd6 32. Qe1 Kg7 33. Nc3 Nxh4
34. Re8 Qf6 35. Nd5 Qxb2 36. Qe7 g5 37. Qf8+ Kg6 38. Qg8+ Qg7 39. Ne7+ Kf6 40.
Qxg7+ Kxg7 41. Nxc6 bxc6 42. Rc8 Ng6 43. Rxc6 Ne5 44. Rxa6 c3 45. Ra8 Nc6 46.
Rc8 Nxa5 47. Rxc3 Nb7 48. Kf1 Nd8 49. Ke2 Ne6 50. Kf3 Nf4 51. Rc6 Nd3 52. Ra6
Ne1+ 53. Kg3 Nd3 54. f3 f6 55. Ra3 Nf4 56. Kf2 h5 57. g3 1-0

[Event "Zicosur 2016"]
[Site "?"]
[Date "2016.01.09"]
[Round "8.40"]
[White "DIAZ, German"]
[Black "SHANDIA, Omar"]
[Result "0-1"]
[WhiteElo "1809"]
[BlackElo "1995"]
[PlyCount "38"]
[EventDate "2016.??.??"]

1. e4 d5 2. exd5 Nf6 3. Nc3 Nxd5 4. Nxd5 Qxd5 5. Nf3 Bg4 6. Be2 Nc6 7. O-O e5
8. d3 O-O-O 9. Be3 h5 10. c4 Qd7 11. a3 f6 12. Qa4 Kb8 13. b4 Nd4 14. Qd1 Nxe2+
15. Qxe2 Be7 16. Rfd1 g5 17. Rab1 f5 18. Nxe5 Bxe2 19. Nxd7+ Rxd7 0-1

[Event "zicozur 2016"]
[Site "?"]
[Date "2016.01.09"]
[Round "8.61"]
[White "GARMENDIA, Lucas"]
[Black "TORREALBA, Dario"]
[Result "1-0"]
[WhiteElo "1468"]
[BlackElo "1933"]
[PlyCount "65"]
[EventDate "2016.??.??"]

1. e4 c5 2. Nf3 d6 3. Bb5+ Bd7 4. Bxd7+ Nxd7 5. Nc3 g6 6. d4 Bg7 7. dxc5 Nxc5
8. O-O Nf6 9. Be3 Ncxe4 10. Nxe4 Nxe4 11. Bd4 Nf6 12. Qd2 O-O 13. Rfe1 Nh5 14.
Bxg7 Nxg7 15. Qh6 f6 16. Qe3 e5 17. Rad1 Qc7 18. Qb3+ Kh8 19. Rd2 Rfd8 20. Red1
Nf5 21. Qe6 Kg7 22. c3 Re8 23. Qb3 a6 24. g4 Nh6 25. Rxd6 Rad8 26. Rxd8 Rxd8
27. Rxd8 Qxd8 28. Qxb7+ Kf8 29. Qxa6 Qd1+ 30. Kg2 e4 31. Qa8+ Kg7 32. Qxe4 Qa1
33. g5 1-0

[Event "ZICOSUR 2016"]
[Site "?"]
[Date "2016.01.09"]
[Round "8.50"]
[White "PUJAICO, Kevin"]
[Black "CASTILLO PALMA, Hernan"]
[Result "*"]
[WhiteElo "1792"]
[BlackElo "1771"]
[PlyCount "95"]
[EventDate "2016.??.??"]

1. e4 c6 2. d4 d5 3. e5 Bf5 4. Nf3 e6 5. Bf4 Qb6 6. b3 c5 7. c3 Nc6 8. Be2 cxd4
9. cxd4 Bb4+ 10. Kf1 h6 11. Bd3 Bxd3+ 12. Qxd3 Nge7 13. a3 Ng6 14. Bg3 Be7 15.
Nbd2 O-O 16. b4 Rfc8 17. Nb3 Nf8 18. Ke2 a5 19. b5 a4 20. Nbd2 Na5 21. Rhc1
Rxc1 22. Rxc1 Nb3 23. Rc3 Na5 24. Ne1 Nd7 25. Nc2 Qd8 26. Ne3 Nb6 27. f4 f6 28.
exf6 Bxf6 29. f5 exf5 30. Bc7 Qe7 31. Bxb6 f4 32. Qg6 fxe3 33. Rxe3 Qd7 34. Bc5
Qxb5+ 35. Kf2 Bg5 36. Re2 Bxd2 37. Rxd2 Ra6 38. Qh5 Rf6+ 39. Kg3 Qb3+ 40. Kg4
g5 41. Qe8+ Kg7 42. Qe7+ Rf7 43. Qe5+ Kh7 44. Kh5 Nc6 45. Qe6 Kg8 46. Rf2 Qd1+
47. g4 Nd8 48. Qg6+ *

[Event "ZICOSUR 2016"]
[Site "?"]
[Date "2016.01.09"]
[Round "8.39"]
[White "SAUVAGEOT, Diego"]
[Black "BENNETT, Michael"]
[Result "1/2-1/2"]
[WhiteElo "2006"]
[BlackElo "1737"]
[PlyCount "83"]
[EventDate "2016.??.??"]

1. d4 Nf6 2. Nc3 d5 3. Bg5 Nbd7 4. e4 Nxe4 5. Nxe4 dxe4 6. Qe2 h6 7. Bh4 Nf6 8.
Bxf6 exf6 9. Qxe4+ Qe7 10. Qxe7+ Bxe7 11. O-O-O O-O 12. Nf3 Bg4 13. Be2 Rad8
14. h3 Bh5 15. g4 Bg6 16. Bd3 Bxd3 17. Rxd3 Rfe8 18. c4 Bf8 19. Re3 Bd6 20. Kc2
Bf4 21. Rxe8+ Rxe8 22. Re1 Kf8 23. Rxe8+ Kxe8 24. Ne1 c6 25. Kd3 Kd7 26. Ke4
Bc7 27. f4 Ba5 28. Nd3 Bd2 29. b4 g6 30. f5 g5 31. Kf3 Kd6 32. Ke2 Bc3 33. Ke3
b5 34. cxb5 cxb5 35. Ke4 Bd2 36. a3 Bc3 37. d5 a5 38. bxa5 Bxa5 39. Kd4 Bb6+
40. Ke4 Ba5 41. Nc1 Bc3 42. Nd3 1/2-1/2

[Event "Zicosur 2016"]
[Site "?"]
[Date "2016.01.09"]
[Round "8.11"]
[White "VERA, Deivy"]
[Black "SANCHEZ, Gonzalo"]
[Result "1/2-1/2"]
[WhiteElo "2498"]
[BlackElo "2247"]
[PlyCount "106"]
[EventDate "2016.??.??"]

1. e4 c5 2. Nf3 d6 3. d4 cxd4 4. Nxd4 Nf6 5. f3 Nc6 6. c4 e6 7. Nc3 Be7 8. Be3
O-O 9. Be2 d5 10. cxd5 exd5 11. Nxc6 bxc6 12. exd5 Nxd5 13. Nxd5 cxd5 14. O-O
Bf6 15. Bd4 Rb8 16. Rc1 Re8 17. Re1 Be6 18. Bxf6 Qxf6 19. b3 d4 20. Bd3 Rec8
21. Qd2 Rc3 22. Red1 Rd8 23. Qf2 g6 24. Rd2 a5 25. Rcd1 Rc6 26. Rc2 Rc3 27.
Rcd2 Rc6 28. h3 Kg7 29. f4 Rcd6 30. Be4 h5 31. Rd3 Bc8 32. f5 Qe5 33. fxg6 fxg6
34. Re1 Rf8 35. Rf3 Rxf3 36. Bxf3 Qf6 37. Be4 Qxf2+ 38. Kxf2 Kf6 39. Ke2 Ke5
40. Kd3 Ba6+ 41. Kd2 Kf4 42. Bf3 Kg3 43. Re5 Bf1 44. Rg5+ Kf2 45. Bd5 Rf6 46.
h4 Rf5 47. Be4 Rxg5 48. hxg5 Bxg2 49. Bxg6 h4 50. Bf5 h3 51. Bxh3 Bxh3 52. g6
Bf5 53. g7 Bh7 1/2-1/2

[Event "ZICOSUR 2016"]
[Site "?"]
[Date "2016.01.09"]
[Round "8.45"]
[White "PARADA, Jaime"]
[Black "RECABARREN, Gonzalo"]
[Result "0-1"]
[WhiteElo "1766"]
[BlackElo "1866"]
[PlyCount "70"]
[EventDate "2016.??.??"]

1. e4 e6 2. d4 d5 3. Nc3 Bb4 4. e5 b6 5. Nf3 Qd7 6. a3 Bf8 7. Bf4 Ne7 8. Be2
Nbc6 9. O-O Bb7 10. b4 h6 11. h3 g5 12. Bh2 Ng6 13. Qd2 Be7 14. Na4 O-O-O 15.
Nb2 Rdg8 16. c4 dxc4 17. Bxc4 h5 18. d5 Nh4 19. Qd3 Nxf3+ 20. Qxf3 Nd4 21. Qd3
c5 22. Ba6 Qxd5 23. Bxb7+ Kxb7 24. Nc4 g4 25. hxg4 hxg4 26. Rad1 b5 27. Nd6+
Bxd6 28. exd6 Qh5 29. Qe4+ Kb8 30. f4 Qxh2+ 31. Kf2 Qh4+ 32. g3 Qh2+ 33. Qg2
Qxg2+ 34. Kxg2 Nf5 35. Kf2 c4 0-1

[Event "ZICOSUR 2016"]
[Site "?"]
[Date "2016.01.09"]
[Round "8.19"]
[White "PINEDA, Adolfo"]
[Black "MEDRANO, Mario"]
[Result "1-0"]
[WhiteElo "2248"]
[BlackElo "2061"]
[PlyCount "67"]
[EventDate "2016.??.??"]

1. e4 c5 2. Nf3 d6 3. d4 cxd4 4. Nxd4 Nf6 5. Nc3 a6 6. h3 h5 7. g3 e5 8. Nde2
Be7 9. Bg2 Qc7 10. a4 Nbd7 11. O-O Rb8 12. Be3 b6 13. Qd2 Bb7 14. Nd5 Nxd5 15.
exd5 f5 16. c4 O-O 17. Rac1 Qd8 18. b4 Bf6 19. a5 Ba8 20. axb6 Nxb6 21. Rfd1 g5
22. f4 gxf4 23. gxf4 e4 24. Nd4 Bxd4 25. Bxd4 Kh7 26. c5 Nxd5 27. c6 Qc7 28.
Ba1 Nxb4 29. Rc4 Nxc6 30. Rxe4 Rg8 31. Qe2 Qf7 32. Rxd6 Rbd8 33. Rf6 Qxf6 34.
Bxf6 1-0

[Event "Zicosur 2016"]
[Site "?"]
[Date "2016.01.09"]
[Round "8.29"]
[White "ROMERO ARAYA, Diego"]
[Black "OLIVA, Carlos"]
[Result "1-0"]
[WhiteElo "2246"]
[BlackElo "2068"]
[PlyCount "109"]
[EventDate "2016.??.??"]

1. e4 d5 2. exd5 Qxd5 3. d4 e5 4. Nf3 Nc6 5. Nc3 Bb4 6. Bd2 Bxc3 7. Bxc3 e4 8.
Ne5 Nxe5 9. dxe5 Ne7 10. Qh5 O-O 11. Rd1 Qc6 12. Bb4 Qe6 13. Qh4 Ng6 14. Qxe4
Re8 15. f4 Qg4 16. Rd4 Bf5 17. Qe3 Rad8 18. h3 Qh4+ 19. g3 Qh6 20. Bg2 Rc8 21.
Bd2 Rb8 22. Kf2 Nf8 23. g4 Bd7 24. Rc4 Qa6 25. Rxc7 Rec8 26. Rxc8 Rxc8 27. Bc3
b5 28. a3 Qa4 29. Be4 a5 30. Rd1 b4 31. b3 Qb5 32. a4 Qb8 33. Bb2 Bc6 34. Rd6
Bxe4 35. Qxe4 Qc7 36. Rd2 Qe7 37. Kg3 Rd8 38. Rxd8 Qxd8 39. Qd3 Qa8 40. f5 Qh1
41. Bd4 Qe1+ 42. Kg2 h6 43. c4 Qc1 44. Qe3 Qc2+ 45. Kg3 h5 46. e6 fxe6 47. fxe6
Qg6 48. e7 Ne6 49. c5 hxg4 50. hxg4 Qf7 51. c6 Qxe7 52. Qe5 Kf7 53. Bb6 Qe8 54.
Qd6 Ng5 55. Qd7+ 1-0